000 00414cam a2200169ua 4500
041 _aeng
_h
082 _a660
_bCOU/CH
100 _aCoulson, J M .
245 _aChemical engineering, Vol 1 /
_cJ M Coulson.
_hTextual Documents
250 _a3 /
_b.
260 _aOxford :
_bPergamon Press ,
_c1982.
300 _a449 ; .
504 _a
700 1 _aRichardson, J F .
942 _cBK
999 _c10257
_d10257